[Event "Minatitlan Dominguez Memorial"]
[Site "Minatitlan"]
[Date "2022.06.25"]
[Round "5"]
[White "Martinez Lopez, Jorge Antonio"]
[Black "Carrillo Fonseca, Miguel Angel"]
[Result "1-0"]
[WhiteElo "1855"]
[BlackElo "1500"]
[PlyCount "63"]
[EventDate "2022.05.28"]
[EventType "swiss"]
[EventRounds "7"]
[EventCountry "MEX"]
[SourceTitle "EXT 2023"]
[Source "ChessBase"]
[SourceDate "2022.10.05"]
[SourceVersion "1"]
[SourceVersionDate "2022.10.05"]
[SourceQuality "1"]

1. Nf3 Nf6 2. c4 c5 3. g3 Nc6 4. d4 cxd4 5. Nxd4 e5 6. Nb5 Bb4+ 7. Bd2 0-0 8. Bxb4 Nxb4 9. Bg2 Qa5 10. N1c3 d5 11. a3 Nc6 12. b4 Qb6 13. c5 Qa6 14. Nc7 Qc4 15. Rc1 Rb8 16. N3xd5 Qa2 17. Nxf6+ gxf6 18. Ra1 Qb2 19. 0-0 Rd8 20. Nd5 Kg7 21. Qd3 Nd4 22. e3 Bf5 23. e4 Rxd5 24. Kh1 Bxe4 25. Qxe4 Rdd8 26. Qg4+ Kf8 27. Qh5 Nb3 28. Rab1 Qxa3 29. Qf3 Qxb4 30. Rxb3 Qxc5 31. Qxf6 b5 32. Re3 1-0

[Event "Minatitlan Dominguez Memorial"]
[Site "Minatitlan"]
[Date "2022.06.18"]
[Round "4"]
[White "Toledo Jimenez, Gerson Jair"]
[Black "Martinez Lopez, Jorge Antonio"]
[Result "0-1"]
[WhiteElo "1000"]
[BlackElo "1855"]
[PlyCount "132"]
[EventDate "2022.05.28"]
[EventType "swiss"]
[EventRounds "7"]
[EventCountry "MEX"]
[SourceTitle "EXT 2023"]
[Source "ChessBase"]
[SourceDate "2022.10.05"]
[SourceVersion "1"]
[SourceVersionDate "2022.10.05"]
[SourceQuality "1"]

1. d4 Nf6 2. Nf3 b6 3. c4 e6 4. Nc3 Bb4 5. Bg5 h6 6. Bxf6 Qxf6 7. e4 Bb7 8. Bd3 c5 9. e5 Bxf3 10. exf6 Bxd1 11. fxg7 Rg8 12. Rxd1 cxd4 13. a3 Bxc3+ 14. bxc3 dxc3 15. Rc1 Nc6 16. Rxc3 Rxg7 17. 0-0 Ne5 18. Be2 Rc8 19. f4 Nc6 20. Rh3 Rh7 21. f5 Nd4 22. Bd3 exf5 23. Rh4 Ne6 24. Rxf5 Rh8 25. Rfh5 Rc5 26. Rxh6 Rxh6 27. Rxh6 Nf4 28. Bf1 Ra5 29. Rf6 Ng6 30. Rf3 Ne5 31. Rc3 Rc5 32. Rh3 Nxc4 33. Rh8+ Ke7 34. Ra8 a5 35. Ra6 b5 36. a4 bxa4 37. Bxc4 Rxc4 38. Rxa5 Ke6 39. Kf2 d5 40. Ke2 Ke5 41. g3 Ke4 42. h4 d4 43. h5 d3+ 44. Kd1 f6 45. h6 Ke3 46. Ra6 Rb4 47. Re6+ Kd4 48. Rxf6 Rb1+ 49. Kd2 Rb2+ 50. Kc1 Rh2 51. Ra6 Kc3 52. Rc6+ Kb3 53. Rb6+ Kc4 54. Ra6 Kb4 55. Rb6+ Kc5 56. Ra6 Kb5 57. Rd6 Kc4 58. Ra6 Kb3 59. g4 a3 60. g5 a2 61. Ra7 Kc3 62. Ra3+ Kd4 63. Ra4+ Ke5 64. Ra5+ Ke6 65. h7 Rxh7 66. Rxa2 Rh1+ 0-1

[Event "Del Sur U2400 Hybrid op 5th"]
[Site "Tornelo INT"]
[Date "2022.01.21"]
[Round "2"]
[White "Maravi, Jon"]
[Black "Martinez Lopez, Jorge Antonio"]
[Result "1-0"]
[WhiteElo "1845"]
[BlackElo "1890"]
[PlyCount "73"]
[EventDate "2022.01.21"]
[EventType "swiss"]
[EventRounds "6"]
[EventCountry "VEN"]
[SourceTitle "EXT 2023"]
[Source "ChessBase"]
[SourceDate "2022.10.05"]
[SourceVersion "1"]
[SourceVersionDate "2022.10.05"]
[SourceQuality "1"]

1. e4 e6 2. d4 d5 3. e5 c5 4. c3 Nc6 5. Nf3 Qb6 6. a3 f6 7. exf6 Nxf6 8. Bd3 c4 9. Bc2 Bd6 10. 0-0 0-0 11. Re1 Bd7 12. Nbd2 Qc7 13. Qe2 Rae8 14. Ne5 Re7 15. f4 Be8 16. Ndf3 Bh5 17. Bd2 Qb6 18. Rab1 Bxe5 19. fxe5 Bxf3 20. gxf3 Nh5 21. Rf1 Ref7 22. f4 g6 23. Qg4 Ng7 24. Be3 Nf5 25. Bf2 Nce7 26. Qh3 Kg7 27. Kh1 Nh6 28. Bh4 Nhg8 29. Bg5 Nf5 30. Rf2 h6 31. Bh4 Nxh4 32. Qxh4 Kh7 33. Rg1 Rg7 34. Rfg2 Ne7 35. Bxg6+ Nxg6 36. Rxg6 Rff7 37. Qxh6+ 1-0

[Event "Del Sur U2400 Hybrid op 5th"]
[Site "Tornelo INT"]
[Date "2022.01.21"]
[Round "4"]
[White "Mendez Cordoba, Yesua Leonel"]
[Black "Martinez Lopez, Jorge Antonio"]
[Result "0-1"]
[WhiteElo "1571"]
[BlackElo "1890"]
[PlyCount "94"]
[EventDate "2022.01.21"]
[EventType "swiss"]
[EventRounds "6"]
[EventCountry "VEN"]
[SourceTitle "EXT 2023"]
[Source "ChessBase"]
[SourceDate "2022.10.05"]
[SourceVersion "1"]
[SourceVersionDate "2022.10.05"]
[SourceQuality "1"]

1. e4 e6 2. d4 d5 3. exd5 exd5 4. Nf3 Bd6 5. Bd3 Ne7 6. 0-0 0-0 7. Bg5 f6 8. Bh4 Bf5 9. Bg3 Nbc6 10. c3 Qd7 11. Qc2 Bxd3 12. Qxd3 a6 13. Nbd2 Qf5 14. Qxf5 Nxf5 15. Nb3 b6 16. Rac1 Bxg3 17. hxg3 Nd6 18. Nbd2 b5 19. Rfe1 Rae8 20. b3 Kf7 21. Kf1 Rxe1+ 22. Nxe1 Ke6 23. Nd3 Nb7 24. Nf4+ Kd6 25. Re1 Nbd8 26. c4 Nxd4 27. Nxd5 N8e6 28. Ne4+ Kc6 29. Nb4+ Kb7 30. Nd3 Kb6 31. c5+ Kb7 32. Rc1 a5 33. c6+ Kb6 34. Ndc5 Re8 35. Nd7+ Ka7 36. f4 Nd8 37. Nc3 Re6 38. a4 bxa4 39. bxa4 Rxc6 40. Nb5+ Nxb5 41. Rxc6 Nxc6 42. axb5 Nd4 43. Nc5 Kb6 44. Na4+ Kxb5 45. Nc3+ Kb4 46. Nb1 a4 47. Ke1 a3 0-1

[Event "Del Sur U2400 Hybrid op 5th"]
[Site "Tornelo INT"]
[Date "2022.01.21"]
[Round "6"]
[White "Ramirez Gonzalez, Angel David"]
[Black "Martinez Lopez, Jorge Antonio"]
[Result "0-1"]
[WhiteElo "1768"]
[BlackElo "1890"]
[PlyCount "170"]
[EventDate "2022.01.21"]
[EventType "swiss"]
[EventRounds "6"]
[EventCountry "VEN"]
[SourceTitle "EXT 2023"]
[Source "ChessBase"]
[SourceDate "2022.10.05"]
[SourceVersion "1"]
[SourceVersionDate "2022.10.05"]
[SourceQuality "1"]

1. e4 e6 2. d3 c5 3. Nf3 Nc6 4. g3 Be7 5. Bg2 e5 6. c3 Nf6 7. 0-0 0-0 8. Qe2 Qb6 9. Na3 d6 10. Rd1 Re8 11. Nc4 Qc7 12. a4 Bf8 13. Nh4 Bg4 14. Bf3 Be6 15. Bg5 Nd7 16. Bg4 Be7 17. Bxe7 Rxe7 18. Nf5 Bxf5 19. Bxf5 Nf6 20. a5 Ree8 21. Bh3 b5 22. axb6 axb6 23. b3 b5 24. Ne3 b4 25. Nd5 Nxd5 26. exd5 Na5 27. cxb4 Nxb3 28. Rxa8 Rxa8 29. Qb2 Nd4 30. bxc5 Qxc5 31. Bg2 g6 32. Rb1 Kg7 33. Be4 Rc8 34. Qb6 Qxb6 35. Rxb6 Rd8 36. Kg2 f5 37. Bf3 Kf6 38. Bd1 e4 39. dxe4 fxe4 40. Rb7 h5 41. h4 Rg8 42. Ba4 g5 43. hxg5+ Rxg5 44. Bc6 h4 45. Rb8 Nf5 46. Rf8+ Ke5 47. f4+ exf3+ 48. Kxf3 hxg3 49. Re8+ Kd4 50. Re1 g2 51. Rd1+ Kc5 52. Rc1+ Kb6 53. Kf2 Nd4 54. Rb1+ Kc7 55. Ba4 Ne2 56. Kxe2 g1Q 57. Rxg1 Rxg1 58. Bc6 Rg3 59. Kd2 Kb6 60. Kc2 Kc5 61. Kd2 Kd4 62. Ke2 Ra3 63. Bb7 Rc3 64. Kd2 Rb3 65. Bc6 Rb2+ 66. Ke1 Kc5 67. Kd1 Kb4 68. Bd7 Kc3 69. Be6 Kd4 70. Ke1 Rg2 71. Kf1 Rh2 72. Ke1 Kd3 73. Bf7 Ke3 74. Kd1 Rf2 75. Be6 Rd2+ 76. Kc1 Kd3 77. Bg8 Kc3 78. Kb1 Rd1+ 79. Ka2 Rc1 80. Be6 Rd1 81. Bf7 Rd4 82. Be6 Rb4 83. Bf7 Kd4 84. Ka3 Rb5 85. Ka4 Rxd5 0-1

[Event "Híbrido del Sur U2200 op 3rd"]
[Site "Tornelo INT"]
[Date "2021.11.26"]
[Round "4"]
[White "Lopez Suarez, Manuel Alejandro"]
[Black "Martinez Lopez, Jorge Antonio"]
[Result "0-1"]
[WhiteElo "1703"]
[BlackElo "1872"]
[PlyCount "46"]
[EventDate "2021.11.26"]
[EventType "swiss"]
[EventRounds "6"]
[EventCountry "VEN"]
[SourceTitle "EXT 2023"]
[Source "ChessBase"]
[SourceDate "2022.10.05"]
[SourceVersion "1"]
[SourceVersionDate "2022.10.05"]
[SourceQuality "1"]

1. e4 e6 2. d4 d5 3. Nd2 c5 4. c3 dxe4 5. Nxe4 cxd4 6. cxd4 Nf6 7. Bg5 Bb4+ 8. Nc3 Qa5 9. Qc2 Qxg5 10. Nf3 Qa5 11. Bb5+ Qxb5 12. 0-0-0 Bxc3 13. bxc3 Bd7 14. Kd2 Qa4 15. Qb1 Qb5 16. Qc2 Na6 17. Ne5 Qd5 18. f3 Rc8 19. Qb2 Qb5 20. Qa3 Qa4 21. Qd6 Qxa2+ 22. Kd3 Bb5+ 23. Ke3 Nd5+ 0-1

[Event "Híbrido del Sur U2200 op 3rd"]
[Site "Tornelo INT"]
[Date "2021.11.26"]
[Round "5"]
[White "Martinez Lopez, Jorge Antonio"]
[Black "Olivares Borjas, Rodolfo"]
[Result "1-0"]
[WhiteElo "1872"]
[BlackElo "1545"]
[PlyCount "133"]
[EventDate "2021.11.26"]
[EventType "swiss"]
[EventRounds "6"]
[EventCountry "VEN"]
[SourceTitle "EXT 2023"]
[Source "ChessBase"]
[SourceDate "2022.10.05"]
[SourceVersion "1"]
[SourceVersionDate "2022.10.05"]
[SourceQuality "1"]

1. c4 b6 2. Nf3 Bb7 3. Nc3 Nf6 4. d4 e6 5. e3 Bb4 6. Qb3 Bxc3+ 7. Qxc3 Ne4 8. Qc2 f5 9. Bd3 d6 10. 0-0 0-0 11. b3 Nd7 12. Bb2 a5 13. Rad1 Qe7 14. Nd2 Qh4 15. f3 Nxd2 16. Qxd2 Rf6 17. Qf2 Qh5 18. Be2 Rh6 19. g3 Rf8 20. Bc1 g5 21. f4 g4 22. d5 Nf6 23. Qg2 exd5 24. cxd5 Nxd5 25. Bc4 c6 26. Rf2 Re8 27. Qf1 Rhe6 28. Qd3 b5 29. Bxd5 cxd5 30. Qxb5 Qf7 31. Qxa5 Ra8 32. Qd2 Qe8 33. Re2 Re4 34. Rde1 Qc6 35. Qc2 Qe8 36. Qc7 Ba6 37. Rf2 Re6 38. Qc3 Rc8 39. Qd4 Rxc1 40. Rxc1 Rxe3 41. Qxd5+ Kh8 42. Qd4+ Kg8 43. Qd5+ Kh8 44. Qd2 Qe4 45. Rd1 Rd3 46. Qb2+ Kg8 47. Rxd3 Qxd3 48. Qc2 Qe3 49. Qd2 Qe4 50. Qc1 d5 51. Qd1 d4 52. Qc1 d3 53. Qc7 Qe1+ 54. Kg2 Qe4+ 55. Kg1 Bb7 56. Qc4+ Qxc4 57. bxc4 Ba6 58. c5 Kf7 59. Rb2 Ke7 60. Kf2 Kd7 61. Ke3 Bc4 62. Rb6 Bxa2 63. Kxd3 Kc7 64. Kd4 Bf7 65. Ke5 Bg6 66. Rxg6 hxg6 67. Kf6 1-0